01552nam a22002417a 450000100040000000500170000400800410002102000150006204000320007705000150010908200120012410000230013624500660015926000390022530000430026450500080030752008640031552100200117952100200119965000270121965000270124670000370127382820230804160957.0230711b cb ||||| |||| 00| 0 eng d aFISTK05205 aFISKH bengcFISKH dFISKH  aPZ7.M82712 a823.914 aMorpurgo, Michael. aCool! / cMorpurgo, Michael ; illustrated by Foreman Michael. aLondon : bHarper Collins, c2002. a103 pages : billustrations ;c20 cm.  aP  aMichael Morpurgo's inspiring new story of Robbie, a boy in a coma - victim of a car accident. Locked inside his own head, able to hear but not move or speak, Robbie tries to keep himself from slipping ever deeper into unconsciousness. Robbie, football fan and animal lover, runs after his dog Lucky one day when he chases a cat and is hit by a car. Unconscious, Robbie lies in hospital, unable to speak, move or eat. But he can hear; he is aware, even though his family and friends don't know this. Inside his head, we hear Robbie's thoughts; on his Mum and sister, why his parents are separated. His friends and family try desperately to reach him - even Zola, his favourite Chelsea footballer, comes to see him. And still Robbie can't 'wake up'. Until one day, against hospital rules, Dad brings Lucky into the hospital. Can Lucky bring Robbie back to life? a650 bLexile  aP bRaz-Plus  aanimalsvdogsxfiction aanimalsvdogsxfiction aForeman, Michael.cillustrator.